ARRUPE JESUIT UNIVERSITY

CORONAVIRUS -STOP THE SPREAD - CLEAN,DISINFECT,COVER

The crisis of cultural change, (Record no. 125197)

MARC details
000 -LEADER
fixed length control field 00754cam a2200253 4500
001 - CONTROL NUMBER
control field 2717971
003 - CONTROL NUMBER IDENTIFIER
control field ARRUPE
005 - DATE AND TIME OF LATEST TRANSACTION
control field 20160913092728.0
008 - FIXED-LENGTH DATA ELEMENTS--GENERAL INFORMATION
fixed length control field 761215s1965 nyu b 000 0 eng
010 ## - LIBRARY OF CONGRESS CONTROL NUMBER
LC control number 64019623
035 ## - SYSTEM CONTROL NUMBER
System control number (OCoLC)ocm02625228
040 ## - CATALOGING SOURCE
Original cataloging agency DLC
Transcribing agency EZN
Modifying agency SER
-- ZCU
050 0# - LIBRARY OF CONGRESS CALL NUMBER
Classification number BR123
Item number .B576
082 ## - DEWEY DECIMAL CLASSIFICATION NUMBER
Classification number 261
099 ## - LOCAL FREE-TEXT CALL NUMBER (OCLC)
Classification number 261
-- B623
300 ## - PHYSICAL DESCRIPTION
Dimensions 22 cm.
100 1# - MAIN ENTRY--PERSONAL NAME
Personal name Bloy, Myron B.
9 (RLIN) 25629
245 14 - TITLE STATEMENT
Title The crisis of cultural change,
Remainder of title a Christian viewpoint,
Statement of responsibility, etc by Myron B. Bloy, Jr.
260 ## - PUBLICATION, DISTRIBUTION, ETC. (IMPRINT)
Place of publication, distribution, etc New York,
Name of publisher, distributor, etc Seabury Press
Date of publication, distribution, etc [1965]
300 ## - PHYSICAL DESCRIPTION
Extent 139 p.
504 ## - BIBLIOGRAPHY, ETC. NOTE
Bibliography, etc Bibliographical references included in "Notes" (p. 131-139)
650 #0 - SUBJECT ADDED ENTRY--TOPICAL TERM
Topical term or geographic name as entry element Christianity
Chronological subdivision 20th century.
General subdivision Addresses
9 (RLIN) 25630
942 ## - ADDED ENTRY ELEMENTS (KOHA)
Source of classification or shelving scheme Library of Congress Classification
Koha item type Monograph ( Printed materials)
Holdings
Withdrawn status Lost status Source of classification or shelving scheme Damaged status Not for loan Collection code Home library Current library Shelving location Date acquired Total Checkouts Full call number Barcode Date last seen Price effective from Koha item type
    Library of Congress Classification     Main Collection ARRUPE LIBRARY ARRUPE LIBRARY Main Collection 13/09/2016   BR123 .B576 46500010182 13/09/2016 13/09/2016 Monograph ( Printed materials)

 

Arrupe Library. PO Box MP320 Mt Pleasant, Harare, Zimbabwe
263 242 745411|librarian@aju.ac.zw